Datum a čas kvízu
26.5
Celkem bodů
Celkový počet nahraných bodů na tomto kvízu bez doplňovacích otázek.
6.
Pořadí na kvízu
Konečné umístění týmu na tomto kvízu.
Zaznamenané odpovědi
| # | Otázka | Odpověď | Body | Výsledky |
|---|---|---|---|---|
| 1. | Minulý týden byl překonán reko... | Tomio Okamura | 1 | |
| 2. | V pondělí byla plnohodnotně sp... | Ruwiki | 0 | |
| 3. | Která kapela oslavila minulý t... | Divokej Bill | 0 | |
| 4. | Jistá kurýrní společnost působ... | DPD | 0 | |
| 5. | Nebývá zvykem, aby byl odvolán... | Václav Varaďa, Petr Dědek | 1 | |
| 6. | Podíváme se do historie na výp... | křížová výprava | 1 | |
| 7. | Zajímavé byly osudy Přemyslovn... | Dagmar, Dánsko | 1 | |
| 8. | Jednou z možností, jak se dost... | Jiří z Poděbrad | 0 | |
| 9. | Země Františka Josefa byla obj... | Rusku | 0 | |
| 10. | Období husitství představovalo... | D | 0 |